[Event "WJCC U20 Open 2019"]
[Site "New Delhi"]
[Date "2019.10.25"]
[Round "11.11"]
[White "Di Benedetto, Edoardo"]
[Black "Iniyan, P."]
[Result "1/2-1/2"]
[WhiteElo "2401"]
[BlackElo "2509"]
[Annotator "TA"]
[PlyCount "172"]
[EventDate "2019.10.15"]
[EventType "swiss"]
[EventCountry "IND"]
[SourceTitle "playchess.com"]
[Source "ChessBase"]
[SourceQuality "1"]

{[%evp 16,172,34,37,36,39,38,29,27,0,0,6,21,12,12,8,3,8,12,8,8,0,12,10,12,0,0,0,0,-22,-36,-29,-38,-37,0,0,0,0,0,0,61,54,61,70,67,63,74,77,194,215,197,87,79,103,86,93,138,149,288,297,284,284,302,295,293,275,283,276,276,276,276,276,262,274,344,114,114,114,115,115,119,131,147,76,76,76,76,72,72,72,76,76,76,76,76,76,76,76,76,76,76,76,76,76,76,76,76,76,76,76,76,76,76,76,76,76,77,77,84,84,84,84,84,84,84,84,84,77,77,77,77,76,76,76,76,76,77,77,84,84,84,84,84,84,84,84,84,77,84,77,84,84,84,84,84,84,84,84,84]} 1. d4 Nf6 2. c4 g6 3. g3 Bg7 4. Bg2 O-O 5. Nf3 d6 6. Nc3 Nc6 7. O-O a6 8. b3 Rb8 9. d5 Na5 {E63: King's Indian: Fianchetto: Panno Variation with 7...a6} 10. Bg5 (10. Nd4 e5 11. Nc2 Bd7 12. Nb4 Re8 13. e4 c5 14. dxc6 bxc6 15. Nc2 Bg4 16. Qd3 c5 17. f4 exf4 18. Bxf4 {1-0 (74) Firouzja,A (2682)-Lagarde,M (2600) Le Blanc Mesnil 2019}) 10... h6 11. Bxf6 Bxf6 {White has an edge.} 12. Rc1 c5 13. dxc6 Nxc6 14. Nd5 Bg7 15. Qd2 e6 $146 ({Predecessor:} 15... Bd7 16. Rfd1 Re8 17. b4 {1-0 (38) Christiansen,J (2416)-Warmerdam,M (2236) Vienna 2015}) 16. Nc3 Qe7 17. Rfd1 Rd8 18. e3 Kh7 19. h4 f5 20. Na4 e5 21. Nb6 Be6 22. b4 e4 23. Nd4 Nxd4 24. exd4 Qc7 25. d5 $1 {[%cal Rd5e6]} Bf7 26. c5 h5 27. Rc2 Qe7 ({Black should play} 27... Bf8 $11) 28. Nc4 $14 Bh6 29. Qe2 $36 {[%mdl 2048] White fights for an advantage.} dxc5 30. d6 Qf6 31. bxc5 Rbc8 (31... Bg7 $16) 32. Na5 $1 $18 {[%cal Ra5b7]} Be8 {With the idea ...Bb5.} 33. Nxb7 (33. Rb1 $1 $18 {is more deadly.}) 33... Bb5 $16 34. Qe1 Rd7 35. Na5 Bd3 36. Rc3 $1 Rxd6 (36... Bb5 $16) 37. cxd6 $18 Rxc3 38. Nb7 $1 {And now d7 would win.} Bf8 39. d7 Be7 {[#] Black wants to play ...Rc7.} 40. d8=Q $1 {[%mdl 512]} Bxd8 41. Nxd8 Rc7 {[#]} 42. Ne6 $1 {[%cal Re6c7]} ({But not} 42. Rxd3 $2 exd3 43. Nc6 f4 $19) 42... Qxe6 {[#]} 43. Rxd3 $1 {[%mdl 576] Pin} Qxa2 (43... exd3 44. Qxe6) 44. Rd8 a5 {[%cal Ba6a5,Ba5a4][%mdl 32]} 45. Qd2 $2 (45. Bf1 $18 {and White stays clearly on top.}) 45... Qxd2 $16 46. Rxd2 {[%mdl 4096] Endgame KRB-KR} Ra7 47. Ra2 a4 48. Ra3 g5 49. hxg5 (49. Bf1 $142) 49... Kg6 {White is better.} 50. Bf1 Kxg5 51. Bb5 Ra5 52. Bxa4 h4 53. gxh4+ Kxh4 54. Kg2 f4 55. Rh3+ Kg5 56. Bc6 Re5 57. Rh1 f3+ 58. Kg3 {aiming for Re1.} e3 59. Bxf3 exf2 60. Kxf2 Kf6 61. Rh6+ Ke7 62. Kg3 Re1 63. Kf4 Rf1 64. Ke3 Ra1 65. Be4 Re1+ 66. Kd4 Rd1+ 67. Ke5 Re1 68. Rh7+ Ke8 69. Kd5 Kf8 70. Ra7 Re2 71. Bf5 Re7 72. Ra6 Kg7 73. Be6 Kf6 74. Rb6 Ra7 75. Kd4 Ra1 76. Bd5+ Ke7 {[#]} 77. Ke5 $1 Re1+ 78. Be4 Re2 79. Rb7+ Ke8 80. Kf5 Kd8 81. Rb4 Ke7 82. Rb1 Rf2+ 83. Ke5 Re2 84. Ra1 Ke8 85. Ra4 {Threatens to win with Ke6.} Ke7 86. Rb4 Re1 {Accuracy: White = 68%, Black = 61%.} 1/2-1/2

[Event "WJCC U20 Open 2019"]
[Site "New Delhi"]
[Date "2019.10.25"]
[Round "11.12"]
[White "Nigmatov, Ortik"]
[Black "Raja Harshit"]
[Result "0-1"]
[WhiteElo "2494"]
[BlackElo "2440"]
[Annotator "TA"]
[PlyCount "86"]
[EventDate "2019.10.15"]
[EventType "swiss"]
[EventCountry "IND"]
[SourceTitle "playchess.com"]
[Source "ChessBase"]
[SourceQuality "1"]

{[%evp 9,90,14,10,3,8,11,10,0,0,0,13,16,18,15,16,0,26,24,36,14,32,0,0,0,0,0,0,0,0,0,21,27,44,0,0,-47,-37,-135,-111,-154,-144,-248,-147,-167,-145,-150,-144,-152,-84,-218,-216,-233,-229,-215,-218,-342,-314,-283,-217,-214,-214,-729,-721,-789,-750,-722,-685,-658,-641,-986,-916,-1300,-834,-800,-407,-716,-714,-689,-648,-12837,-12836,-12837,-5153]} 1. Nf3 d5 2. e3 Nf6 3. c4 e6 4. b3 b6 5. Bb2 Bb7 6. Nc3 {A13: English Opening: 1...e6} Nbd7 7. d4 a6 8. Bd3 {The position is equal.} Bd6 9. Qc2 c5 10. cxd5 exd5 11. O-O O-O 12. Rad1 Rc8 $146 ({Predecessor:} 12... Re8 13. Bf5 Nf8 14. dxc5 bxc5 15. Na4 Ne4 16. Bxe4 dxe4 17. Qc3 Ne6 18. Nxc5 exf3 19. Nxe6 {½-½ (51) Fedoseev,V (2683)-Inarkiev,E (2664) St Petersburg 2015}) 13. dxc5 bxc5 14. Bf5 (14. Nxd5 $5 Bxd5 15. e4 $14) 14... Qc7 15. Ne2 Rcd8 16. Ng3 Rfe8 17. Rc1 a5 18. Rfd1 g6 19. Bh3 Bf8 20. Qc3 {And now Bxd7 would win.} Be7 21. e4 {Hoping for exd5.} Nb6 22. Qxa5 {aiming for Bxf6.} dxe4 23. Ne5 (23. Rxd8 $15 Rxd8 24. Be5) 23... Ra8 24. Qb5 Nbd5 25. Nd7 (25. Ra1 $17 {was necessary.}) 25... Nxd7 (25... Ba6 $19 26. Rxc5 Bxb5 {[%mdl 64] Discovered Attack} 27. Rxc7 Nxc7 28. Bxf6 Bxd7 29. Bxd7 Bxf6 30. Bxe8 Rxe8) 26. Qxd7 $17 Qxd7 27. Bxd7 Red8 28. Ba4 {[#]} Nb4 ({Better is} 28... e3 $1 29. fxe3 Nxe3 30. Rxd8+ Rxd8) 29. Ba3 (29. Rxd8+ $17 Rxd8 30. Bb5) 29... Nxa2 $19 30. Rxd8+ Rxd8 ({Don't play} 30... Bxd8 31. Rc4 $17) 31. Re1 Nc3 32. f3 (32. Bb2 {might work better.} Nxa4 33. bxa4) 32... f5 33. fxe4 fxe4 34. Bb2 Bf6 {White must now prevent ...Bd4+.} 35. Nf1 $2 (35. Bxc3 Bxc3 36. Rxe4) 35... Bd4+ 36. Kh1 Nxa4 37. Bxd4 cxd4 38. bxa4 {[%mdl 4096] Endgame KRB-KRN} e3 39. h3 Rf8 40. Nxe3 dxe3 41. Rxe3 {KRB-KR} Rf1+ 42. Kh2 {[#]} Rf2 $1 {Black is clearly winning.} 43. Rg3 Kg7 {Played: Rf2-a2} 0-1

[Event "WJCC U20 Open 2019"]
[Site "New Delhi"]
[Date "2019.10.25"]
[Round "11.13"]
[White "Albornoz Cabrera, Carlos Daniel"]
[Black "Davtyan, Artur"]
[Result "1/2-1/2"]
[WhiteElo "2581"]
[BlackElo "2418"]
[Annotator "TA"]
[PlyCount "158"]
[EventDate "2019.10.15"]
[EventType "swiss"]
[EventCountry "IND"]
[SourceTitle "playchess.com"]
[Source "ChessBase"]
[SourceQuality "1"]

{[%evp 19,158,0,16,15,19,7,14,7,0,0,-2,-10,-20,-10,-2,-17,-10,-14,0,-25,1,-26,0,-25,-25,-12,-9,-22,-11,-20,-8,-27,-18,-15,0,-25,-19,-48,-56,-60,-60,-51,-60,-60,-60,-64,-67,-60,0,-97,-93,-70,-66,-64,-44,-84,-56,-57,-50,-50,-60,-62,-13,-11,-12,-14,-11,-27,-8,-8,-8,-8,-8,-27,0,-190,-193,-180,-192,-193,-206,-187,-198,-237,-227,-275,-106,-95,-95,-103,-80,-153,-136,-146,-139,-128,-79,-79,0,-119,-87,-87,-87,-177,-163,-174,-157,-143,-87,-87,-87,-87,-87,-115,-87,-87,-8,-8,-8,-8,-8,-8,-8,-8,-8,-8,-8,-8,-8,-8,-8,-8,-8,-8,-8,-8,-8,-8,-8,-8,8]} 1. Nf3 d5 2. d4 Nf6 3. c4 e6 4. Nc3 Be7 5. Bg5 h6 6. Bh4 O-O 7. e3 b6 8. Bxf6 Bxf6 9. cxd5 exd5 10. Be2 Be6 11. O-O {D58: Queen's Gambit Declined: Tartakower Defence} Nc6 $146 ({Predecessor:} 11... c5 12. Rc1 Nc6 13. Na4 c4 14. b3 b5 15. Nc5 Be7 16. Nxe6 fxe6 17. bxc4 bxc4 18. Qa4 Qd6 {½-½ (38) Korobov,A (2705)-Hracek,Z (2628) Legnica 2013}) 12. Qa4 Ne7 13. Rfd1 c6 14. e4 g6 15. Ne5 Qc7 16. exd5 cxd5 17. f4 a6 18. Qb3 Qb7 19. Bf3 Rfc8 20. Rac1 Rab8 21. Na4 Rxc1 22. Rxc1 Nf5 23. Qd3 Rc8 24. Rxc8+ Qxc8 25. Nc3 b5 26. a3 ({But not} 26. Bxd5 $2 Bxd5 27. Nxd5 Bxe5 $19) 26... Qb7 27. Bg4 {[#]} Nxd4 $1 {[%mdl 512] Threatens to win with ...Qa7.} 28. Qxd4 Bxg4 {[%mdl 64] Pin} 29. Nxd5 Bg7 30. Qc5 Be6 $1 {[%cal Re6d5]} 31. Ne7+ Kh7 32. N7c6 Qc7 {aiming for ...Bxe5.} 33. b4 Bf6 (33... Bf5 $15) 34. Qe3 (34. Nd4 $11 {keeps the balance.} Qd8 35. Nxe6 Qd1+ 36. Kf2 Qd2+ 37. Kf3 Qd1+ 38. Kf2 Qd2+ 39. Kg3 Qe1+ 40. Kf3 Qd1+ 41. Kf2) 34... Bd5 $17 35. Nd4 Bg7 36. h4 Qb7 37. Qf2 Be4 38. Nb3 Qd5 39. Nc5 Bf5 40. Qe3 g5 41. hxg5 hxg5 42. Nf3 g4 43. Ne5 $1 Bf6 44. Qg3 {[#]} a5 $1 $36 {[%mdl 2560] White should prevent ...Qd4+. Black is more active.} 45. Kh2 (45. bxa5 Bxe5) 45... axb4 46. axb4 Be7 (46... Bxe5 $5 47. fxe5 Qd2 $11) 47. Ncd3 $2 (47. Nxg4 $11 {and White is okay.} Bxg4 48. Qxg4) 47... f6 $19 48. Qh4+ Kg7 $1 49. Nf2 Qd4 50. Nexg4 Qxf4+ 51. g3 Qd2 52. Qh5 Qg5 $2 (52... Bd7 $19 {has better winning chances. White must now prevent ...f5.} 53. Qh4 Bd8) 53. Qxg5+ $17 fxg5 {[%mdl 4096] Endgame KBB-KNN} 54. Ne3 Be6 55. Nd3 ({White should try} 55. Nc2) 55... Kf6 $1 56. Kg2 {[#]} Bc4 $1 {[%cal Rc4d3]} 57. Nb2 Bb3 58. Nd3 Bc4 59. Nb2 $1 Ba2 60. Nd3 Ke6 61. Kf3 {[#]} (61. Kf2 $17 {was necessary.}) 61... Bb1 $1 $19 {[%cal Rb1d3]} 62. Nc5+ Ke5 63. Ke2 Bxc5 (63... Bg6 $142 64. g4 Bxc5 65. bxc5 Be4) 64. bxc5 $17 {KB-KN} Be4 65. Ng4+ Kd4 66. Nf2 Bd5 (66... Bg2 {looks sharper.} 67. Kd2 Kc4 68. Nd3 Bd5 69. Nf2 Kxc5 70. Kc3 b4+) 67. Kd2 b4 ({Black should play} 67... Kxc5 $17 {Hoping for ...Kb4.} 68. Kd3 Bf3) 68. Kc2 $1 $11 {The position is equal.} Kxc5 69. g4 $1 Bg2 {Strongly threatening ...Kc4.} (69... Kd4 $5 70. Nh3 $8 Bg8 $11) 70. Nd3+ Kd4 {( -> ...Be4!)} 71. Nxb4 Ke3 (71... Bf3 $5) 72. Kd1 $1 Bf3+ 73. Ke1 $1 Bb7 74. Na2 Bd5 75. Nc3 Bc4 76. Nd1+ Kf3 77. Nf2 Kg3 78. Ne4+ {[%mdl 64] Double Attack} Kxg4 79. Kf2 {[#]} Bf1 $1 {[%mdl 512] Accuracy: White = 61%, Black = 49%.} 1/2-1/2

[Event "WJCC U20 Open 2019"]
[Site "New Delhi"]
[Date "2019.10.25"]
[Round "11.14"]
[White "Muthaiah AL"]
[Black "Visakh N R"]
[Result "0-1"]
[WhiteElo "2370"]
[BlackElo "2529"]
[Annotator "TA"]
[PlyCount "132"]
[EventDate "2019.10.15"]
[EventType "swiss"]
[EventCountry "IND"]
[SourceTitle "playchess.com"]
[Source "ChessBase"]
[SourceQuality "1"]

{[%evp 9,132,11,36,14,5,12,12,6,6,6,17,13,30,37,31,27,22,20,25,0,0,0,4,9,21,29,19,27,43,28,60,32,40,25,28,35,37,18,0,0,0,0,0,-13,-13,-12,-15,-26,-25,-22,-4,-87,-85,-80,-81,-81,-74,-89,-84,-119,-117,-124,-126,-136,-140,-236,-235,-262,-261,-260,-261,-260,-242,-247,-197,-277,-269,-383,-384,-453,-451,-404,-428,-365,-368,-453,-453,-424,-427,-402,-373,-375,-383,-379,-371,-359,-370,-560,-549,-1133,-1643,-1428,-1393,-1835,-1074,-1852,-1595,-2079,-2085,-2131,-1850,-3540,-3130,-2383,-1803,-1921,-1177,-1785,-1555,-12386,-6219,-1759,-1207,-12837,-12833]} 1. Nf3 Nf6 2. g3 b5 3. Bg2 Bb7 4. O-O e6 5. d3 d5 6. a4 {A05: Réti Opening: 1 Nf3 Nf6} (6. c4 a6 7. cxd5 Nxd5 8. a4 Be7 9. Nc3 O-O 10. axb5 Nxc3 11. bxc3 axb5 12. Rxa8 Bxa8 13. Qb3 Bc6 14. Be3 {½-½ (57) Short,N (2670)-Hou,Y (2649) Hoogeveen 2016}) 6... b4 7. Nbd2 Be7 8. e4 {The position is equal.} c5 9. exd5 exd5 10. d4 O-O 11. dxc5 Nbd7 12. Nd4 $146 {[#] Black must now prevent c6.} (12. c6 $5 Bxc6 13. Nd4 $14) ({Predecessor:} 12. c6 Bxc6 13. Nd4 Rc8 14. Nxc6 Rxc6 {½-½ (41) Podzielny,K (2357)-Emunds,H (2179) Germany 2013}) 12... Nxc5 13. Nf5 Re8 14. Nxe7+ Qxe7 15. Nf3 $1 b3 16. Bg5 bxc2 17. Qxc2 Ne6 18. Be3 Rec8 19. Qd3 Qb4 20. Qa3 (20. Rfd1 {keeps more tension.} a5 21. Nd4 Nxd4 22. Bxd4 Ne4 23. Qb5) 20... Rc4 21. Rfd1 Qxa3 22. Rxa3 Rb4 23. Ra2 a5 24. Nd4 Ng4 25. Nc2 Nxe3 26. Nxe3 d4 27. Nc2 Rb6 28. Na3 Bxg2 29. Kxg2 Rb3 30. Nb5 (30. Rc1 $11) 30... Rd8 $17 31. Rd2 Rb4 $36 {[%mdl 2048] Black is really pushing.} 32. Na7 {[#] Hoping for Nc6.} Rd6 33. Ra1 g6 34. Nb5 Rd7 35. Rc1 Rxa4 36. Rc8+ Kg7 37. Ra8 (37. Rc6 $17) 37... Nc5 $19 38. Ra7 Rxa7 39. Nxa7 {[%mdl 4096] Endgame KRN-KRN} Rc4 40. Nb5 Nb3 41. Rd1 Rb4 42. Na3 (42. Nc7 $142) 42... Nc5 43. Rb1 (43. Nc2 $142 Rxb2 44. Nxd4) 43... d3 44. Kf3 Na4 45. Ke3 Nxb2 46. Rc1 a4 {[%cal Ba5a4,Ba4a3][%mdl 32]} 47. Kd2 Rb3 48. Nb1 a3 49. Nc3 Rb4 50. Ra1 Rd4 51. Nb5 Re4 {And now ...Re2+ would win.} 52. Nc3 Re8 53. f4 (53. h4 {might work better.}) 53... Rd8 {Black is clearly winning.} 54. Nd1 Nxd1 55. Kxd1 {KR-KR} Ra8 56. Ra2 Kf6 57. Kd2 Kf5 58. Kxd3 Kg4 59. Ke3 h5 60. Kf2 Kh3 61. Ke3 f6 62. Ke4 Ra4+ 63. Kd5 h4 64. gxh4 Kxh4 65. Ke6 Ra6+ 66. Kf7 f5 {Accuracy: White = 44%, Black = 81%.} 0-1

[Event "WJCC U20 Open 2019"]
[Site "New Delhi"]
[Date "2019.10.25"]
[Round "11.15"]
[White "Raja Rithvik R"]
[Black "Khanin, Semen"]
[Result "1/2-1/2"]
[WhiteElo "2369"]
[BlackElo "2507"]
[Annotator "TA"]
[PlyCount "117"]
[EventDate "2019.10.15"]
[EventType "swiss"]
[EventCountry "IND"]
[SourceTitle "playchess.com"]
[Source "ChessBase"]
[SourceQuality "1"]

{[%evp 19,117,14,21,-16,4,4,12,4,6,0,0,5,12,0,0,7,18,0,0,-88,-88,-88,-88,-88,-88,-88,-88,-88,-88,-88,-88,-88,-88,-88,-88,-88,-81,-88,-88,-88,-77,-88,-78,-78,-78,-88,-29,-29,-29,-29,-29,-30,-29,-29,-29,-29,-29,-29,-29,-29,-29,-29,-29,-29,-29,-29,-29,-29,-11,-11,-11,-11,-11,-11,-11,-11,-11,-11,-11,-11,-11,-11,-11,-18,-11,-18,-11,-16,0,0,0,0,0,0,0,0,0,0,0,0]} 1. d4 Nf6 2. c4 g6 3. g3 Bg7 4. Bg2 d5 5. Nf3 O-O 6. O-O c6 7. b3 dxc4 8. bxc4 c5 9. Bb2 cxd4 10. Nxd4 Qb6 11. Qb3 {A49: 1 d4 Nf6 2 Nf3 g6 3 g3: Anti-King's Indian systems} Rd8 12. e3 Na6 13. Nc3 Nc5 14. Qa3 {[#]} a5 $146 ({Predecessor:} 14... Bd7 15. Rab1 Rac8 16. Nd5 Nxd5 17. cxd5 Na4 18. Ba1 Qc5 19. Qxc5 Nxc5 {0-1 (64) Pantsulaia,L (2585)-Duda,J (2707) Tbilisi 2017}) 15. Rab1 Qb4 $1 16. Nd5 Nxd5 17. cxd5 Bd7 18. Rfc1 Rdc8 19. Nc6 (19. Bf1 $11) 19... bxc6 $17 20. Qxb4 axb4 21. Rxc5 {[#]} Bf5 $1 {[%cal Rf5b1]} 22. e4 cxd5 23. Rxc8+ Bxc8 24. Bxg7 Kxg7 25. Rxb4 Rxa2 {[%mdl 4096] [#] Endgame ( -> ...Ra1+). KRB-KRB} 26. h4 dxe4 27. Bxe4 h6 28. Rb5 Rd2 29. Kg2 Kf6 30. Rc5 Be6 31. Kf3 Rb2 32. Bd5 Bf5 (32... Bxd5+ $17 33. Rxd5 h5) 33. g4 $1 $11 {[%cal Rg4f5]} Bb1 (33... Bd3 {is interesting.} 34. g5+ hxg5 35. hxg5+ Kg7 36. Ke3 Bf5) 34. g5+ hxg5 35. hxg5+ Kg7 36. Ke3 e6 37. Bc6 Rb3+ 38. Kd4 Rb4+ 39. Ke3 Bf5 40. f4 Rb8 41. Bg2 Rd8 42. Bf1 Rd7 43. Be2 f6 44. Bb5 {The position is equal.} Ra7 45. gxf6+ Kxf6 46. Be2 Ra3+ 47. Kf2 Be4 48. Re5 Bd5 49. Re3 Ra4 50. Kg3 Ra1 51. Re5 Ra2 52. Re3 Ke7 53. Kg4 Kd6 54. Bd3 Ra3 {And now ...Bc4! would win.} 55. Rg3 e5 56. fxe5+ Kxe5 57. Bxg6 Be6+ 58. Kh4 Rxg3 59. Kxg3 {Accuracy: White = 66%, Black = 47%.} 1/2-1/2

[Event "WJCC U20 Open 2019"]
[Site "New Delhi"]
[Date "2019.10.25"]
[Round "11.16"]
[White "Drygalov, Sergey"]
[Black "Agmanov, Zhandos"]
[Result "1-0"]
[WhiteElo "2470"]
[BlackElo "2403"]
[Annotator "TA"]
[PlyCount "69"]
[EventDate "2019.10.15"]
[EventType "swiss"]
[EventCountry "IND"]
[SourceTitle "playchess.com"]
[Source "ChessBase"]
[SourceQuality "1"]

{[%evp 11,69,10,18,0,11,10,7,0,12,4,3,5,34,19,31,0,21,0,23,-31,-33,-31,-24,-29,-23,-21,-28,-24,0,0,0,-1,-14,-16,0,0,0,0,0,0,0,-3,0,0,20,19,18,20,56,29,447,439,1404,1356,1318,890,818,666,623,593]} 1. d4 Nf6 2. c4 e6 3. Nf3 d5 4. Nc3 Bb4 5. Qa4+ Nc6 6. e3 O-O 7. Qc2 {D38: Queen's Gambit Declined: Ragozin Defence (4 Nf3 Bb4)} Re8 8. Bd2 Bd6 (8... a6 9. a3 Bd6 10. Rd1 Bd7 11. Bc1 dxc4 12. Bxc4 h6 13. O-O e5 14. dxe5 Nxe5 15. Nxe5 Bxe5 {½-½ (27) Wojtaszek,R (2722)-Vidit,S (2711) Prague 2019}) 9. a3 {The position is equal.} dxc4 10. Bxc4 h6 11. h3 a6 $146 ({Predecessor:} 11... e5 12. d5 Ne7 13. O-O a6 14. e4 c6 15. dxc6 Nxc6 {1-0 (48) Omelja,A (2453)-Pisu,R (2236) Alba Iulia 2018}) 12. O-O e5 13. b4 Bd7 14. Rad1 Qc8 15. Nd5 ({White should try} 15. dxe5 $11 Bxe5 16. Nd5 (16. Nxe5 Nxe5 17. Be2 c5 $11) (16. Qg6 Rf8 $15)) 15... Nxd5 $15 16. Bxd5 exd4 17. exd4 Ne7 18. Be4 c6 19. Rfe1 Nd5 20. Ne5 {Threatens to win with Bh7+.} Be6 21. Bd3 Qd8 22. Re4 Be7 23. Rde1 Bf5 24. R4e2 Bxd3 25. Nxd3 Rf8 26. Ne5 Bd6 27. Re4 Nf6 28. R4e3 Re8 29. Rg3 $36 {[%mdl 2048] White is more active.} Kf8 30. Ree3 {aiming for Nxf7!} Bxe5 $2 {[%mdl 8192]} (30... Qc7 $11) 31. dxe5 $18 {White is clearly winning.} Ng8 (31... Nh5 $142 32. Rgf3 Kg8) 32. Qh7 g5 {[#]} 33. e6 $1 {[%mdl 512]} Rxe6 34. Rxe6 {Rf3! would kill now.} Qxd2 {[#]} 35. Rf3 $1 {Accuracy: White = 58%, Black = 48%.} 1-0

[Event "WJCC U20 Open 2019"]
[Site "New Delhi"]
[Date "2019.10.25"]
[Round "11.17"]
[White "Haria, Ravi"]
[Black "Zlatin, Alexander"]
[Result "1-0"]
[WhiteElo "2463"]
[BlackElo "2263"]
[Annotator "TA"]
[PlyCount "63"]
[EventDate "2019.10.15"]
[EventType "swiss"]
[EventCountry "IND"]
[SourceTitle "playchess.com"]
[Source "ChessBase"]
[SourceQuality "1"]

{[%evp 12,63,36,18,47,29,87,66,64,68,231,217,197,179,216,135,267,266,423,270,239,245,420,412,413,402,394,408,397,401,497,505,500,497,499,431,467,467,459,429,482,485,441,429,527,491,459,387,702,700,1008,984,1007,927]} 1. e4 e5 2. Nf3 Nc6 3. Bc4 Bc5 4. c3 Nf6 5. d3 d6 6. O-O h6 7. Re1 Qe7 {C54: Giuoco Piano: 4 c3 Nf6, main lines with 5 d4 and 5 d3} (7... O-O 8. Nbd2 Ne7 9. d4 Bb6 10. a4 c6 11. dxe5 Ng4 12. Rf1 Nxe5 13. Nxe5 dxe5 14. Qh5 Qd6 15. Nf3 {½-½ (47) Anand,V (2756)-Mamedyarov,S (2764) Saint Louis 2019}) 8. Nbd2 {[%cal Bb1d2,Bd2f1,Bf1g3][%mdl 32]} g5 (8... a6 $11 {keeps the balance.}) 9. Nf1 g4 {White is slightly better.} 10. N3d2 g3 $146 {[#]} (10... a6 $14) ({Predecessor:} 10... h5 11. Ne3 g3 12. hxg3 h4 13. Ndf1 Ng4 14. Nxg4 hxg3 15. Nxg3 {1-0 (38) Hajnal,Z (2407)-Papp Zoltan,C (2267) Fuzesabony 2004}) 11. Nxg3 $18 Ng4 12. Rf1 (12. d4 exd4 13. Nf5 Bxf5 $11) 12... Rg8 {intending ...Nxh2.} 13. Qf3 Nd8 (13... Nxh2 $16 14. Kxh2 Bg4 15. Qxf7+ Qxf7 16. Bxf7+ Kxf7) 14. h3 Qh4 (14... Nf6 $142 15. Nb3 Bb6) 15. Nf5 Bxf5 16. Qxf5 ({Don't play} 16. exf5 $6 Nf6) 16... Nf6 $2 {[#]} (16... Nxf2 {was called for.} 17. Rxf2 Bxf2+ 18. Qxf2 Qxh3) 17. d4 $1 {[%mdl 512] And now Nf3 would win.} Rg5 (17... exd4 18. Nf3) 18. Nf3 {[%mdl 64] Double Attack} ({Less strong is} 18. Qxf6 Rxg2+ 19. Kxg2 Qxf6 $16) 18... Rxf5 19. Nxh4 Rh5 20. Nf5 ({Much less strong is} 20. dxc5 Rxh4 21. g3 Rxh3 $18) 20... Rxf5 21. exf5 exd4 22. Bxh6 d5 23. Bd3 dxc3 24. bxc3 Nc6 25. Bg5 Nd7 26. Rfe1+ Kf8 27. Bb5 f6 28. Bh6+ Kf7 29. Rad1 Nde5 $2 (29... Nb6 30. Bf4 Ne5 31. Bxe5 fxe5 32. Rxe5 c6) 30. Rxd5 {White is clearly winning.} Re8 31. Rxc5 Nf3+ 32. gxf3 {Accuracy: White = 56%, Black = 19%.} 1-0

[Event "WJCC U20 Open 2019"]
[Site "New Delhi"]
[Date "2019.10.25"]
[Round "11.18"]
[White "Pogosyan, Stefan"]
[Black "Rahul Srivatshav P"]
[Result "1-0"]
[WhiteElo "2364"]
[BlackElo "2460"]
[Annotator "TA"]
[PlyCount "55"]
[EventDate "2019.10.15"]
[EventType "swiss"]
[EventCountry "IND"]
[SourceTitle "playchess.com"]
[Source "ChessBase"]
[SourceQuality "1"]

{[%evp 18,79,46,14,53,57,50,61,55,58,67,22,32,16,18,7,20,20,27,-61,2,7,76,78,74,83,70,58,88,88,99,97,150,150,208,149,152,93,102,106,331,325,310,324,330,291,425,587,626,626,626,625,617,617,617,611,589,562,1119,1019,1253,1129,1125,1086]} 1. d4 Nf6 2. c4 g6 3. Nc3 Bg7 4. e4 d6 5. Nf3 O-O 6. Be2 e5 7. O-O Nc6 8. d5 Ne7 9. b4 a5 10. Ba3 Re8 {E97: King's Indian: Classical Main Line (6...e5 7 0-0 Nc6): 8 Be3 and 8 d5 Ne7, not 9 Ne1} (10... axb4 11. Bxb4 Ne8 12. c5 dxc5 13. Bxc5 Nd6 14. Nd2 Bd7 15. a4 b6 16. Bb4 Nec8 17. a5 bxa5 18. Rxa5 Rxa5 19. Bxa5 {1-0 (57) Duda,J (2730)-Giri,A (2780) chess.com INT 2019}) 11. bxa5 Rxa5 12. Bb4 Ra8 {White is slightly better.} 13. a4 Bf8 14. Qd3 c5 15. dxc6 Nxc6 16. Ba3 $1 Bg4 17. Rfd1 Nd4 $146 ({Predecessor:} 17... Bxf3 18. Bxf3 Nd4 19. Nb5 Rxa4 20. Nxd4 exd4 21. Qxd4 Bg7 22. e5 Nd7 23. Bxd6 Ra8 24. Bxb7 Rxa1 25. Qxa1 Qb6 26. Rb1 Qd8 27. f4 {1-0 (26) Nurkiewicz,M (2334)-Nowak,L (2270) Dzwirzyno 2019}) 18. Rab1 (18. h3 $11 Bxf3 19. Bxf3) 18... Qa5 (18... d5 $1 $15 19. Nxd4 (19. Bxf8 dxe4 20. Nxe4 Bf5 $17) 19... exd4 20. Bxg4 dxc3 21. Bxf8 Nxg4 22. Qxc3 Rxf8) 19. Bb4 $11 Qd8 (19... Nxe2+ $11 20. Qxe2 Qa6) 20. Nxd4 $16 exd4 21. Bxg4 {aiming for Bf3.} dxc3 22. Bf3 Nd7 23. Bxc3 Ne5 24. Qd5 Qf6 ({Black should try} 24... Qc7) 25. Be2 Rxa4 (25... Nf3+ $16 {was called for.} 26. Bxf3 (26. gxf3 Qxc3 27. Rxb7 Qf6 $16) 26... Qxc3 27. Rxb7 Qf6) 26. Rxb7 {Hoping for c5!} Ra2 27. Re1 (27. Rd2 $142 Rxd2 28. Qxd2) 27... Rc2 28. Ba1 {Played: Bc3-d4} 1-0